| 000 | 00542nam a2200181 a 4500 | ||
|---|---|---|---|
| 005 | 20210223121352.0 | ||
| 008 | 991125s1966 bar 000 0 spa u | ||
| 035 | _aUPN01000016358 | ||
| 049 | _aCG | ||
| 050 | 4 |
_aQH84 _aF8.38 |
|
| 100 | 1 | _aFuron, Raymond | |
| 245 | 1 | 3 |
_aLa distribución de los seres / _cRaymond Furon ; tr. Ruperto Brito. |
| 260 |
_aBarcelona, Esp. : _bLabor, _c1966. |
||
| 300 |
_a162 p. : _bil |
||
| 440 | 0 |
_aNueva colección Labor ; _v9 |
|
| 650 | 4 |
_aANIMALES Y PLANTAS - _xDISTRIBUCION GEOGRAFICA _94744 |
|
| 905 | _aLibro | ||
| 999 |
_c16358 _d16358 |
||